000 00940nmc a2200349 a 4500
003 AR-BaBNM
005 20251128203141.0
008 067019s1969 ||||||||||||||000 | spa||
040 _cAR-BaBNM
100 1 _aAdorno, Theodor W.
245 1 0 _aLa sociedad
_blecciones de sociología
260 _aBuenos Aires
_bProteo
_c1969
300 0 _a205 p.
490 0 _aBiblioteca persona y sociedad
_vv. 14
500 0 _aContiene referncias bibliográficas en notas a pie de página
650 4 _aSOCIOLOGIA
650 4 _aESTRUCTURA SOCIAL
650 4 _aGRUPOS
650 4 _aFAMILIA
650 4 _aSOCIOLOGIA DEL ARTE
650 4 _aARTE
650 4 _aIDEOLOGIAS
650 4 _aMUSICA
650 4 _aMEDIO HUMANO
650 4 _aMEDIO SOCIAL
700 1 _aHorkheimer, Max
700 1 _aMazía, Floreal
_etraductor
700 1 _aCusien, Irene
_etraductor
800 1 _aFrydlewsky, Luis
_edirector
942 _cBK
998 _cSILVI
999 _c2143
_d2143